| 000 | 00380cam a22001217a 4500 | ||
|---|---|---|---|
| 008 | 180718b1975 xxu||||| |||| 00| 0 eng d | ||
| 082 | _aA81x54 In2/71/5/PT3B | ||
| 100 | _aCensus of India 1971 | ||
| 245 | _aGujarat: establishment tables | ||
| 260 |
_aDelhi _bThe Controller of Publications _c1975 |
||
| 300 | _a907+p. | ||
| 440 | _aCensus of India 1971. Series-5, Gujarat. Part III-B | ||
| 999 |
_c485153 _d485153 |
||